00683nam a2200205Ia 4500952015400000999001500154003000400169005001700173008004100190020001800231040000900249082001800258100002500276245004100301250001200342260005700354300001000411650001400421942004200435 00102ddc40708Pharmacology & therapeutics aMESbMEScCHEd2019-02-20g495.00l0o615.19 KAR/Mp37579r2019-02-20 00:00:00w2019-02-20yBKzGL29R4 c3580d3580OSt20200821150115.0190216s9999||||xx |||||||||||||| ||und|| a9788122430868 coclc a615.19bKAR/M aKar, Ashutosh 94288 0aMedicinal Chemistry /cAshutosh Kar  a5th Ed. bNew Age International Publishers,c2010.aNew Delhi: a1013p aChemistry cBK2ddch615.19iKAR/Mk615.19mKAR/M